|
|
|
|
| LEADER |
00000nam a2200000 a 4500 |
| 001 |
vtls001312268 |
| 003 |
SK-MaSNL |
| 005 |
20260301235327.0 |
| 008 |
251124s1997 xr ab uuuuc 0 ||ger |
| 020 |
|
|
|a 357522739X
|c 439,00
|
| 035 |
|
|
|a SNK000264664
|
| 040 |
|
|
|a SNK
|b slo
|c SNK
|e AACR2
|
| 043 |
|
|
|a e
|
| 044 |
|
|
|a CZ
|
| 080 |
|
|
|a 912(4):656.13(084.41)=00
|2 1981
|
| 245 |
1 |
|
|a Velký autoatlas - Europa
|h kartografický dokument
|
| 250 |
|
|
|a Nejnovější přeprac. a dopl. vyd.
|
| 255 |
|
|
|a Měřítko 1:800 000
|
| 260 |
|
|
|a München
|b RV Reise- und Verkehrsverlag
|c [1997]
|
| 300 |
|
|
|a 1 atlas (516 s. s rozličným stránkovaním)
|b fareb., vysvetl., inform.
|c 30 cm
|
| 500 |
|
|
|a Súbež. text nem., angl., tal., špan., dán., švéd., poľ., maď., franc., hol., slov., Obalový názov.
|
| 651 |
|
7 |
|a Európa
|2 SNK
|9 167569
|
| 655 |
|
7 |
|a CAT
|2 SNK
|9 286708
|
| 919 |
|
|
|a 3-575-22739-X
|
| 999 |
|
|
|c 974536
|d 976466
|
| 952 |
|
|
|t P66, <07>, [BOOK], {604}
|a SNK
|b SNK
|y VYP
|7 0
|p 17A0108450
|o snkIB 69805
|i snkZK 2798/97
|0 0
|1 0
|4 0
|d 1997-11-28
|l 0
|r 2005-01-02 00:00:00
|w 2026-02-24
|